William Shakespeare, the complete works / (Record no. 1132)

000 -LEADER
fixed length control field 01357nam a22003617a 4500
001 - CONTROL NUMBER
control field 988133
003 - CONTROL NUMBER IDENTIFIER
control field OSt
005 - DATE AND TIME OF LATEST TRANSACTION
control field 20210426122454.0
008 - FIXED-LENGTH DATA ELEMENTS--GENERAL INFORMATION
fixed length control field 860415s1986 enka 000 0 eng
010 ## - LIBRARY OF CONGRESS CONTROL NUMBER
LC control number 86008475
020 ## - INTERNATIONAL STANDARD BOOK NUMBER
International Standard Book Number 0198129262
040 ## - CATALOGING SOURCE
Original cataloging agency DLC
Transcribing agency DLC
Modifying agency DLC
Language of cataloging eng
041 ## - LANGUAGE CODE
Language code of text/sound track or separate title eng
050 00 - LIBRARY OF CONGRESS CALL NUMBER
Classification number PR2754
Item number .W45 1986b
080 ## - UNIVERSAL DECIMAL CLASSIFICATION NUMBER
Universal Decimal Classification number 821.111
Item number S-53
082 00 - DEWEY DECIMAL CLASSIFICATION NUMBER
Classification number 822.3/3
Edition number 19
100 1# - MAIN ENTRY--PERSONAL NAME
Personal name Shakespeare, William,
Dates associated with a name 1564-1616.
240 10 - UNIFORM TITLE
Uniform title Works.
Date of a work 1986
245 10 - TITLE STATEMENT
Title William Shakespeare, the complete works /
Statement of responsibility, etc. general editors, Stanley Wells and Gary Taylor ; editors, Stanley Wells ... [et al.] ; with introductions by Stanley Wells.
Remainder of title / by: Clarendon Press
260 ## - PUBLICATION, DISTRIBUTION, ETC.
Place of publication, distribution, etc. Oxford [Oxfordshire] :
Name of publisher, distributor, etc. Clarendon Press
Place of publication, distribution, etc. New York
Name of publisher, distributor, etc. Oxford University Press,
Date of publication, distribution, etc. 1986.
300 ## - PHYSICAL DESCRIPTION
Extent xlvii, 1432 p.
Other physical details ill.
Dimensions 29 cm.
365 ## - TRADE PRICE
Price amount 45 usd
490 1# - SERIES STATEMENT
Series statement [The Oxford Shakespeare]
500 ## - GENERAL NOTE
General note Series statement from jacket.
650 #0 - SUBJECT ADDED ENTRY--TOPICAL TERM
9 (RLIN) 247
Topical term or geographic name entry element English literature
653 ## - INDEX TERM--UNCONTROLLED
Uncontrolled term ინგლისური ლიტერატურა
700 1# - ADDED ENTRY--PERSONAL NAME
Personal name Wells, Stanley,
Dates associated with a name 1930-
700 1# - ADDED ENTRY--PERSONAL NAME
Personal name Taylor, Gary,
Dates associated with a name 1953-
800 1# - SERIES ADDED ENTRY--PERSONAL NAME
Personal name Shakespeare, William,
Dates associated with a name 1564-1616.
Title of a work Works.
Date of a work 1982.
856 42 - ELECTRONIC LOCATION AND ACCESS
Materials specified Publisher description
Uniform Resource Identifier <a href="http://www.loc.gov/catdir/enhancements/fy0640/86008475-d.html">http://www.loc.gov/catdir/enhancements/fy0640/86008475-d.html</a>
906 ## - LOCAL DATA ELEMENT F, LDF (RLIN)
a 7
b cbc
c orignew
d 1
e ocip
f 19
g y-gencatlg
942 ## - ADDED ENTRY ELEMENTS (KOHA)
Source of classification or shelving scheme
Koha item type Books
Holdings
Withdrawn status Lost status Source of classification or shelving scheme Damaged status Not for loan Permanent location Current location Date acquired Inventory number Total Checkouts Full call number Barcode Date last seen Price effective from Koha item type
          Ken Walker International University Ken Walker International University 02/03/2021 834   821.111 S-53 834 02/03/2021 02/03/2021 Books

Powered by Koha